Determinats for successful reforestation of abandoned pastures in the Andes (Registro nro. 13647)

Detalles MARC
000 -CABECERA
Campo de control 007100000a22002170004500
090 ## - CLASIFICACIÓN LOCAL
Colección AR
Consecutivo 04547
041 0# - IDIOMA
Código de idioma para texto/pista de sonido o título separado
100 1# - ASIENTO PRINCIPAL--NOMBRE PERSONAL
Nombre personal Gunter, Sven
245 10 - MENCION DE TITULO
Título Determinats for successful reforestation of abandoned pastures in the Andes
Version soil conditions and vegetation cover
650 14 - ASIENTO SECUNDARIO DE MATERIA - TERMINO TEMATICO
Término temático o nombre geográfico como elemento de entrada Reforestación
650 14 - ASIENTO SECUNDARIO DE MATERIA - TERMINO TEMATICO
Término temático o nombre geográfico como elemento de entrada Especies nativas
651 #4 - ASIENTO SECUNDARIO DE MATERIA - NOMBRE GEOGRAFICO
-- Región andina
700 1# - ASIENTO SECUNDARIO - NOMBRE PERSONAL
Nombre personal González, Paul
700 1# - ASIENTO SECUNDARIO - NOMBRE PERSONAL
Nombre personal Alvarez, Guido
700 1# - ASIENTO SECUNDARIO - NOMBRE PERSONAL
Nombre personal Aguirre, Nikolay
700 1# - ASIENTO SECUNDARIO - NOMBRE PERSONAL
Nombre personal Palomeque, Ximena
700 1# - ASIENTO SECUNDARIO - NOMBRE PERSONAL
Nombre personal Haubrich, Frank
700 1# - ASIENTO SECUNDARIO - NOMBRE PERSONAL
Nombre personal Weber, Michael
773 1# - Item fuente:
Título Forest ecology and management
Paginas del Articulo 81-91
Lugar, editorial y fecha de publicación 2009
Información sobre la relación 258
942 ## - ELEMENTOS ADICIONALES (KOHA)
Tipo de ítem Artículo
Existencias
Withdrawn status Lost status Damaged status No para préstamo Colección Ubicación Permanente Ubicación actual Fecha de adquisición Fuente de Valor Datos de publicación Seriada Total Checkouts Número topográfico Inventario / Código de Barras Date last seen Ejemplar Price effective from Forma de adquisición Tipo de material
      No para Préstamo Hemeroteca Bogotá Bogotá 18/11/2009 PUJ Fuera de circulación   AR 04547 027727 25/03/2015 1 25/03/2015   Artículo